Investing into Mutual Funds in Slovakia bakalárska práca

Guardado en:
Detalles Bibliográficos
Autor principal: Križan, Dominik
Autor Corporativo: Fakulta podnikového manažmentu EU. Katedra podnikových financií
Otros Autores: Bikár, Miloš, 1973-
Formato: Libro
Lenguaje:inglés
Publicado: Bratislava 2023
Etiquetas: Agregar Etiqueta
Sin Etiquetas, Sea el primero en etiquetar este registro!

MARC

LEADER 00000nbm a2200000 4500
001 0295934
005 20240523083849.0
041 0 |a eng 
044 |a SK 
245 1 0 |a Investing into Mutual Funds in Slovakia  |b bakalárska práca  |c Dominik Križan ; školiteľ: Miloš Bikár 
264 1 |a Bratislava  |c 2023 
300 |a 51 s. 
100 1 |a Križan, Dominik 
700 1 |a Bikár, Miloš, 1973- 
710 2 |a Fakulta podnikového manažmentu EU. Katedra podnikových financií